00748cam a2200205 a 450000100100000000500170001000800410002704000250006808200190009310000400011224500570015226000480020930000210025749000320027865000260031065000300033683000390036695201220040599900150052700000811320200929154435.0720606s1965 mx 000 0 spa  aDO-SdBNPbspacBNPHU aM863.44bH557v1 aHernández, Luisa Josefina.92202613aEl valle que elegimos /cLuisa Josefina Hernández. aMéxico, D. F. :bJoaquín Mortiz,c1965. a257 p. ;c20 cm.1 aNovelistas Contemporáneos 4aNovela mexicana93959 4aLiteratura mexicana91922 0aNovelistas Contemporáneos911918 001052708MOaGRbGRcCTd2009-09-14iLF1l0oM863.44 H557vp8113-10r2020-06-25w2020-06-25y2ZPréstamo interno c7890d7890